| 000 -ლიდერი |
| ფიქსირებული სიგრძის საკონტროლო ველი |
01838nam a22002897a 4500 |
| 003 - საკონტროლო ნომრის იდენტიფიკატორი |
| საკონტროლო ველი |
Ge_BSU |
| 005 - ბოლო ოპერაციის თარიღი და დრო |
| საკონტროლო ველი |
20230616144053.0 |
| 008 - ფიქსირებული სიგრძის მონაცემთა ელემენტები - ზოგადი ინფორმაცია |
| ფიქსირებული სიგრძის საკონტროლო ველი |
230616s2010 ge ||||| |||| 00| 0 geo d |
| 020 ## - წიგნის საერთაშორისო სტანდარტული ნომერი |
| International Standard Book Number |
9789941017919 |
| 041 ## - ენის კოდი |
| Language code of text/sound track or separate title |
geo |
| 080 ## - უნივერსალური ათობითი კლასიფიკაციის ინდექსი |
| Universal Decimal Classification number |
016:929(479.22) გ-59 |
| 100 ## - მთავარი ჩანაწერი - პიროვნების სახელი |
| Personal name |
გოგილაშვილი, ვ. |
| 9 (RLIN) |
1974 |
| 245 ## - ცნობა სათაურის შესახებ |
| Title |
ექვთიმე თაყაიშვილი (1863-1953) = Ekvtime Takaishvili (1863-1953) = Ekvtime Takaichvili (1863-1953) : |
| Remainder of title |
ბიობიბლიოგრაფია / |
| Statement of responsibility, etc |
საქ. განათლ. და მეცნ. სამინ., ეროვნ. სამეცნ. ბიბ-კა ; [შემდგ.: ვ. გოგილაშვილი, ც. კვაჭაძე ; რედ.: რ. მეტრეველი, ი. ღარიბაშვილი ; ბიბლიოგრ. რედ. ნ. ბაღათურია]. |
| 264 ## - წარმოების, გამოცემის, დისტრიბუციის და სხვა ცნობები |
| გამოცემის, წარმოების, დისტრიბუციის... ადგილი |
თბილისი, |
| გამოცემის, წარმოების, დისტრიბუციის... თარიღი |
2010. |
| 300 ## - ფიზიკური აღწერა |
| Extent |
170გვ. ; |
| Other physical details |
20სმ. |
| 490 ## - სერიის ცნობა |
| Series statement |
ბიობიბლიოგრაფიული სერია "ქართველი მეცნიერები" |
| 500 ## - ზოგადი შენიშვნა |
| General note |
პარალ. თავფურ. ინგლ. და ფრანგ. |
| 501 ## - შენიშვნა თანმხლებ მასალაზე |
| With note |
ტექსტი ქართ., ინგლ. და ფრანგ. |
| 653 ## - INDEX TERM--UNCONTROLLED |
| Uncontrolled term |
თაყაიშვილი, ექვთიმე |
| 653 ## - INDEX TERM--UNCONTROLLED |
| Uncontrolled term |
ბიობიბლიოგრაფია. |
| 653 ## - INDEX TERM--UNCONTROLLED |
| Uncontrolled term |
ისტორია - ბიბლიოგრაფია |
| 700 ## - ADDED ENTRY--PERSONAL NAME |
| Personal name |
კვაჭაძე, ც., |
| Relator term |
შემდგენელი |
| 9 (RLIN) |
18773 |
| 700 ## - ADDED ENTRY--PERSONAL NAME |
| Personal name |
კვაჭაძე, ც. |
| 9 (RLIN) |
18774 |
| 700 ## - ADDED ENTRY--PERSONAL NAME |
| Personal name |
მეტრეველი, რ. |
| Relator term |
რედაქტორი |
| 9 (RLIN) |
18775 |
| 700 ## - ADDED ENTRY--PERSONAL NAME |
| Personal name |
ღარიბაშვილი, ი. |
| Relator term |
რედაქტორი |
| 9 (RLIN) |
18776 |
| 942 ## - ADDED ENTRY ELEMENTS (KOHA) |
| Source of classification or shelving scheme |
|
| Koha item type |
წიგნი |